| 000 | 00626nam a2200193 i 4500 | ||
|---|---|---|---|
| 001 | 80353 | ||
| 003 | ES-MaACL | ||
| 005 | 20250903084338.0 | ||
| 007 | t| | ||
| 008 | 041027s1906 gw ||||1| ger d | ||
| 110 | 2 |
_aKarl W. Hiersemann (Firma) _9159387 |
|
| 245 | 1 | 0 |
_aCatalog 321 _b: bibliotheca latino-americana / _cKarl W. Hiersemann. |
| 260 |
_aLeipzig : _b[s.n., _c1906] |
||
| 610 | 2 |
_aKarl W. Hiersemann (Firma)- _vCatálogos. _9158963 |
|
| 650 | 7 |
_aCatálogos de editores- _yS.XX _2 _9169795 |
|
| 650 | 4 |
_aCatálogos de editores- _zAlemania _912066 |
|
| 852 |
_aES-MaACL _jT-1122-F-6 |
||
| 999 |
_c80353 _d80353 |
||